[Event "BCF-chT3E 2224 (4NCL)"]
[Site "England"]
[Date "2024.01.14"]
[Round "4.26"]
[White "Thompson, Keith"]
[Black "Rosenbach, Martin"]
[Result "1/2-1/2"]
[WhiteElo "1884"]
[BlackElo "1895"]
[PlyCount "76"]
[EventDate "2023.11.11"]
[EventType "team-tourn"]
[EventRounds "11"]
[EventCountry "ENG"]
[SourceTitle "CB11_2024"]
[SourceDate "2024.03.13"]
[SourceVersion "1"]
[SourceVersionDate "2024.03.13"]
[SourceQuality "1"]
[WhiteTeam "Hull & East Riding Tigers"]
[BlackTeam "Iceni"]
[WhiteTeamCountry "ENG"]
[BlackTeamCountry "ENG"]

1. e4 c5 2. Nf3 Nc6 3. Bb5 d6 4. d4 cxd4 5. Nxd4 Bd7 6. Nc3 g6 7. Nxc6 bxc6 8. Bc4 Bg7 9. 0-0 Nf6 10. Bb3 0-0 11. h3 Qc7 12. Bf4 Rfd8 13. Qe2 Nh5 14. Bh2 Qa5 15. Rad1 Bxc3 16. bxc3 Qxc3 17. Rd3 Qc5 18. Rfd1 Be6 19. Qd2 Bxb3 20. cxb3 f6 21. Rc1 Qb6 22. Qc3 c5 23. Qc4+ Kf8 24. g4 Ng7 25. Bf4 g5 26. Bd2 Qb7 27. f4 h6 28. Rf1 Qd7 29. fxg5 hxg5 30. Bxg5 Qe6 31. Qd5 Rab8 32. Bh6 Qxd5 33. exd5 Kg8 34. Re1 Rd7 35. Rde3 Rbb7 36. Kg2 Ne8 37. Bf4 Kf7 38. Rd3 Nc7 1/2-1/2

[Event "BCF-chT4 2223 (4NCL)"]
[Site "England"]
[Date "2023.05.01"]
[Round "11.82"]
[White "Sachdeva, Ronit"]
[Black "Rosenbach, Martin"]
[Result "1-0"]
[WhiteElo "1820"]
[BlackElo "1888"]
[PlyCount "53"]
[EventDate "2022.11.05"]
[EventType "team-swiss"]
[EventRounds "11"]
[EventCountry "ENG"]
[SourceTitle "EXT 2024"]
[Source "ChessBase"]
[SourceDate "2023.10.10"]
[SourceVersion "1"]
[SourceVersionDate "2023.10.10"]
[SourceQuality "1"]
[WhiteTeam "Guildford Young Guns"]
[BlackTeam "Iceni II"]
[WhiteTeamCountry "ENG"]
[BlackTeamCountry "ENG"]

1. Nf3 c5 2. b3 Nc6 3. Bb2 d5 4. e3 Nf6 5. d4 Bg4 6. Be2 cxd4 7. exd4 e6 8. 0-0 Bd6 9. Nbd2 0-0 10. Ne5 Bxe2 11. Qxe2 Rc8 12. f4 Qb6 13. c3 Nxd4 14. cxd4 Rc2 15. Qd3 Rxb2 16. Ndc4 dxc4 17. Nxc4 Rxg2+ 18. Kxg2 Qc6+ 19. Qf3 Qxf3+ 20. Rxf3 Bc7 21. f5 exf5 22. Rxf5 Re8 23. d5 Re2+ 24. Kf3 Rxh2 25. d6 Bd8 26. Re1 g6 27. Rc5 1-0

[Event "BCF-chT4 2223 (4NCL)"]
[Site "England"]
[Date "2022.11.06"]
[Round "2.51"]
[White "Waddington, Mike P"]
[Black "Rosenbach, Martin"]
[Result "1-0"]
[WhiteElo "2112"]
[BlackElo "1888"]
[PlyCount "102"]
[EventDate "2022.11.05"]
[EventType "team-swiss"]
[EventRounds "11"]
[EventCountry "ENG"]
[SourceTitle "EXT 2024"]
[Source "ChessBase"]
[SourceDate "2023.10.10"]
[SourceVersion "1"]
[SourceVersionDate "2023.10.10"]
[SourceQuality "1"]
[WhiteTeam "Poole Patzers"]
[BlackTeam "Iceni II"]
[WhiteTeamCountry "ENG"]
[BlackTeamCountry "ENG"]

1. e4 e6 2. d4 d5 3. Bd3 b6 4. exd5 exd5 5. Nf3 Nf6 6. Ne5 Bb7 7. 0-0 Be7 8. Bf4 0-0 9. Re1 Nbd7 10. Ba6 Nxe5 11. Bxb7 Ng6 12. Bxa8 Nxf4 13. Bc6 a6 14. Ba4 b5 15. Bb3 Bd6 16. Nd2 Qd7 17. Qf3 Ng4 18. Nf1 Qf5 19. Ne3 Nh3+ 20. Qxh3 Qxf2+ 21. Kh1 Qxe1+ 22. Rxe1 Nf2+ 23. Kg1 Nxh3+ 24. gxh3 Re8 25. Bxd5 Bf4 26. Ng2 Rxe1+ 27. Nxe1 Be3+ 28. Kg2 Bxd4 29. Nd3 Kf8 30. b4 Bc3 31. a3 a5 32. Bc6 axb4 33. axb4 Ke7 34. Bxb5 Kd6 35. Bc4 f6 36. Bg8 h6 37. Kf3 Kc6 38. Ke4 Kb5 39. Kd5 c6+ 40. Kd6 f5 41. Be6 f4 42. Bd7 Bxb4+ 43. Nxb4 Kxb4 44. Bxc6 Kc3 45. Be4 f3 46. Bxf3 Kxc2 47. Ke6 Kd3 48. Kf7 g5 49. Kg6 Kd4 50. Kxh6 Ke5 51. Kxg5 Ke6 1-0